| 000 | 00673nam a22001817a 4500 | ||
|---|---|---|---|
| 005 | 20251108164219.0 | ||
| 008 | 250721s1994 xx 000 0 ara d | ||
| 082 | 1 | 4 | _a617/قف |
| 100 | 1 | _aإبن القف، أمين الدولة أبو الفرج بن الشيخ | |
| 245 | 1 | 0 | _aالعمدة في صناعة الجراحة / |
| 264 | 1 |
_aعمان : _bالجامعة الأردنية - عمادة البحث العلمي- وزارة الثقافة، _c1994. |
|
| 300 | _aج | ||
| 490 | 0 | _aمنشورات الجامعة الأردنية ؛ 1 | |
| 650 | 1 | 7 | _aالجراحة |
| 700 | 1 |
_aالحمارنة، سامي خلف _eتحقيق |
|
| 942 |
_2ddc _cBK |
||
| 999 |
_c6530 _d6530 |
||